000 01182cad a22002295a 4500
001 L144886
008 080818e20080813xxko f 000 0 eng d
020 _a9781409802099
035 _a(Sirsi) u144886
041 0 _aeng
050 0 4 _a333.33 $2 18
110 2 _aUnited Kingdom
_bDepartment for Communities and Local Government
_94939
245 0 0 _aGetting ready for DECs
_h[electronic resource]
260 _aLondon
_bDCLG
_c2008
505 2 _aWhy are DECS being introduced? -- What is a Display Energy Certificate? -- Becoming an accredited DEC assessor -- The DEC assessment -- Further information
520 _aShort booklet provides advice on the production of Display Energy Certificates, required in most large public buildings by 1 October 2008. Provides background information, as well as information on how to register as a DEC assessor.
521 _aAdvanced
651 4 _aEngland and Wales
_y1543-
690 _aENVIRONMENTAL AND LAND CONSULTANCY-ENERGY-ENERGY USE-ENERGY EFFICIENCY
856 4 0 _uhttps://www.communities.gov.uk/publications/planningandbuilding/gettingreadyfordecs
_zView the item free of charge online at www.communities.gov.uk...
942 _n0
999 _c108644
_d108644